| 000 | 00859nam0a22002531 4500 | ||
|---|---|---|---|
| 001 | rc\392270 | ||
| 005 | 20250621070544.0 | ||
| 010 |
_a5-7470-0121-3 _91500 |
||
| 035 | _a(NLR Aleph) 005641952 | ||
| 090 |
_a6678597 _c6678597 |
||
| 100 | _a20030616d1989 |||y0rusy50 ca | ||
| 101 | 0 | _arus | |
| 102 | _aRU | ||
| 105 | _aa ||||||||| | ||
| 200 | 1 |
_aПроблемы уголовной политики _eСов. и зарубеж. опыт _eСб. науч. ст. _f[Редкол.: А.В. Усс (отв. ред.) и др.] |
|
| 210 |
_aКрасноярск _cИзд-во Краснояр. ун-та _d1989 |
||
| 215 |
_a270 с. _cил. _d20 |
||
| 320 | _aБиблиогр. в примеч. в конце ст. | ||
| 702 | 1 |
_aУсс _bА.В. _4340 |
|
| 801 | 0 |
_aRU _bNLR _gpsbo |
|
| 801 | 1 |
_aRU _bELAR _2rusmarc |
|
| 852 |
_aNLR _j89-3/13929 |
||
| 942 | _cBOOK | ||
| 980 | _aNB | ||